|
|
|
|
| LEADER |
02985nam a22004093i 4500 |
| 001 |
EBC6743510 |
| 003 |
MiAaPQ |
| 005 |
20231204023218.0 |
| 006 |
m o d | |
| 007 |
cr cnu|||||||| |
| 008 |
231204s1984 xx o ||||0 eng d |
| 020 |
|
|
|a 9780472901999
|q (electronic bk.)
|
| 020 |
|
|
|z 9780939512171
|
| 035 |
|
|
|a (MiAaPQ)EBC6743510
|
| 035 |
|
|
|a (Au-PeEL)EBL6743510
|
| 035 |
|
|
|a (OCoLC)1247608574
|
| 040 |
|
|
|a MiAaPQ
|b eng
|e rda
|e pn
|c MiAaPQ
|d MiAaPQ
|
| 050 |
|
4 |
|a HN730
|
| 082 |
0 |
|
|a 302.3/0952/16
|
| 100 |
1 |
|
|a Marshall, Robert.
|
| 245 |
1 |
0 |
|a Collective Decision Making in Rural Japan.
|
| 250 |
|
|
|a 1st ed.
|
| 264 |
|
1 |
|a Ann Arbor :
|b University of Michigan, Center for Japanese Studies,
|c 1984.
|
| 264 |
|
4 |
|c Ã1984.
|
| 300 |
|
|
|a 1 online resource (195 pages)
|
| 336 |
|
|
|a text
|b txt
|2 rdacontent
|
| 337 |
|
|
|a computer
|b c
|2 rdamedia
|
| 338 |
|
|
|a online resource
|b cr
|2 rdacarrier
|
| 490 |
1 |
|
|a Michigan Papers in Japanese Studies ;
|v v.11
|
| 505 |
0 |
|
|a Cover -- Title -- Copyright -- Contents -- Figures -- Tables -- Preface -- Introduction -- Chapter 1: Collective Decisions and Rural Society -- Harmony, Unanimity, and Collective Decision Making -- Hamlet Society and Productive Exchange Relations -- Chapter 2: Productive Exchange, Mutual Investment, and Collective Decisions: a Theory of Group Decision Making -- The Paradox of Price -- Defection-reducing Mechanisms -- Forms of Exchange and Defection Reduction -- Productive Exchange, Mutual Investment, and Rate of Exchange -- Productive Exchange, Mutual Investment, and Collective Decision Making -- Chapter 3: Hamlet Social Organization and Financial Structure -- Hamlet Membership and Recruitment -- Hamlet Internal Organization -- Hamlet Offices -- Subhamlet Groups -- Funding the Hamlet -- Chapter 4: Decisions -- Case 1: Softball Equipment -- Case 2: seimaiki (Rice Polisher) -- Case 3: Fire Pump -- Case 4: City Water -- Case 5: Fire Extinguishers, Gas Rings, and a Rice Cooker -- Case 6: The English Class -- Case 7: The Usoda bon odori -- Chapter 5: Decisions: Division and Solidarity in Hamlet Society -- Decision Mode and Participant Orientation -- Minimal Criteria for Consent -- Hidden Costs and Structural Implications -- Incommensurability of Issues -- Chapter 6: Conclusions -- Notes to Chapters -- Bibliography.
|
| 588 |
|
|
|a Description based on publisher supplied metadata and other sources.
|
| 590 |
|
|
|a Electronic reproduction. Ann Arbor, Michigan : ProQuest Ebook Central, 2023. Available via World Wide Web. Access may be limited to ProQuest Ebook Central affiliated libraries.
|
| 655 |
|
4 |
|a Electronic books.
|
| 776 |
0 |
8 |
|i Print version:
|a Marshall, Robert
|t Collective Decision Making in Rural Japan
|d Ann Arbor : University of Michigan, Center for Japanese Studies,c1984
|z 9780939512171
|
| 797 |
2 |
|
|a ProQuest (Firm)
|
| 830 |
|
0 |
|a Michigan Papers in Japanese Studies
|
| 856 |
4 |
0 |
|u https://ebookcentral.proquest.com/lib/matrademy/detail.action?docID=6743510
|z Click to View
|